Southville International School and Colleges
Your cart is empty.
  • Cart
  • Lists
    Public lists Eva Luna New books Lux_list list_1
    Your lists Log in to create your own lists
  • Log in to your account
  • Your cookies
  • Search history
Southville International School and Colleges
  • Advanced search
  • Recent comments
  • Most popular
  • Libraries

Log in to your account

Log in with GOOGLE


If you do not have an external account, but do have a local account, you can still log in:

  1. Home
  2. MARC view: Behind the label :
Normal view MARC view ISBD view

Behind the label : (Record no. 288400)

[ view plain ]
MARC details
000 -LEADER
fixed length control field 00518nam a22001697a 4500
003 - CONTROL NUMBER IDENTIFIER
control field PILC
005 - DATE AND TIME OF LATEST TRANSACTION
control field 20150818122437.0
008 - FIXED-LENGTH DATA ELEMENTS--GENERAL INFORMATION
fixed length control field 130220t xxu||||| |||| 00| 0 eng d
020 ## - INTERNATIONAL STANDARD BOOK NUMBER
International Standard Book Number 0951793659
050 ## - LIBRARY OF CONGRESS CALL NUMBER
Classification number TX 925
Item number .B419 2002
082 ## - DEWEY DECIMAL CLASSIFICATION NUMBER
Classification number HSF 641.2
Item number B39 2002
110 ## - MAIN ENTRY--CORPORATE NAME
Corporate name or jurisdiction name as entry element WSET
9 (RLIN) 11312
245 ## - TITLE STATEMENT
Title Behind the label :
Remainder of title introducing wines and spirits and associated beverages /
260 ## - PUBLICATION, DISTRIBUTION, ETC. (IMPRINT)
Place of publication, distribution, etc London :
Name of publisher, distributor, etc Wines and Spirit Education Trust,
Date of publication, distribution, etc 2002.
300 ## - PHYSICAL DESCRIPTION
Extent 163 pages :
Dimensions 20 cm.
Other physical details illustration ;
942 ## - ADDED ENTRY ELEMENTS (KOHA)
Source of classification or shelving scheme Library of Congress Classification
Koha item type Books
Holdings
Withdrawn status Lost status Source of classification or shelving scheme Damaged status Home library Current library Shelving location Date acquired Source of acquisition Total Checkouts Full call number Barcode Date last seen Price effective from Koha item type Public note
Withdrawn   Library of Congress Classification   Southville International School Affiliated with Foreign Universities Library Southville International School Affiliated with Foreign Universities Library   08/18/2015 Donation   TX 925 .B419 2002 SFU2532 05/15/2018 08/18/2015 Books Books donated

Behind the label :

APA

WSET, . (2002). Behind the label. London: Wines and Spirit Education Trust.

Chicago

WSET, . 2002. Behind the label. London: Wines and Spirit Education Trust.

Harvard

WSET, . (2002). Behind the label. London: Wines and Spirit Education Trust.

MLA

WSET, . Behind the label. London: Wines and Spirit Education Trust. 2002.

  • Print
  • Cite
  • Add to your cart (remove)
  • Save record
    BIBTEX Dublin Core MARCXML MARC (non-Unicode/MARC-8) MARC (Unicode/UTF-8) MARC (Unicode/UTF-8, Standard) MODS (XML) RIS
  • More searches
    Search for this title in:
    Other Libraries (WorldCat) Other Databases (Google Scholar) Online Stores (Bookfinder.com) Open Library (openlibrary.org)

Exporting to Dublin Core...

SOUTHVILLE LIBRARY

Southville International School and Colleges Library

1281 Tropical Ave. Cor. Luxembourg St., BF Homes International, Las Pinas City

Tel. No. 8256374 / 252358 Loc. 117/146

Powered by Koha